[Event "Yerevan Asrian Memorial 9th"]
[Site "Yerevan"]
[Date "2016.06.22"]
[Round "7"]
[White "Nanyan, Georgy"]
[Black "Hakobyan, Hovhannes H"]
[Result "0-1"]
[WhiteElo "1570"]
[BlackElo "2161"]
[PlyCount "62"]
[EventDate "2016.06.16"]
[EventType "swiss"]
[EventRounds "9"]
[EventCountry "ARM"]
[SourceTitle "CBM 173 Extra"]
[Source "ChessBase"]
[SourceDate "2016.08.29"]
[SourceVersion "1"]
[SourceVersionDate "2016.08.29"]
[SourceQuality "1"]

1. Nf3 Nf6 2. g3 g6 3. Bg2 d6 4. d4 Bg7 5. 0-0 0-0 6. c4 Nbd7 7. Nc3 e5 8. e3 exd4 9. exd4 h6 10. Be3 Re8 11. h3 a6 12. Qd2 Kh7 13. Rad1 Rb8 14. a3 b5 15. cxb5 axb5 16. Rfe1 Nb6 17. Qc1 Nc4 18. Nd2 Nxe3 19. fxe3 b4 20. axb4 Rxb4 21. Kh2 Ba6 22. Nd5 Nxd5 23. Bxd5 Qf6 24. Bg2 Qf2 25. Rf1 Bxf1 26. Rxf1 Qxe3 27. Rxf7 Re7 28. Rxe7 Qxe7 29. Be4 Rxd4 30. Qc2 Rxd2+ 31. Qxd2 Qxe4 0-1

[Event "Al Ain Amateur op 4th"]
[Site "Al Ain"]
[Date "2015.12.24"]
[Round "2"]
[White "Al Mazrouae, Abdulrahman"]
[Black "Nanyan, Georgy"]
[Result "0-1"]
[WhiteElo "1098"]
[BlackElo "1644"]
[PlyCount "37"]
[EventDate "2015.12.23"]
[EventType "swiss"]
[EventRounds "9"]
[EventCountry "UAE"]
[SourceTitle "CBM 170 Extra"]
[Source "ChessBase"]
[SourceDate "2016.02.25"]
[SourceVersion "1"]
[SourceVersionDate "2016.02.25"]
[SourceQuality "1"]

1. d4 Nf6 2. Nd2 d5 3. Ngf3 e6 4. e3 c5 5. Be2 Nc6 6. 0-0 cxd4 7. exd4 Bd6 8. c4 0-0 9. b3 b6 10. Bb2 Ba6 11. Qc2 Rc8 12. a3 dxc4 13. bxc4 b5 14. Bd3 Nxd4 15. Qd1 Nxf3+ 16. Nxf3 h6 17. Qe2 Qe7 18. cxb5 Bxb5 19. Bxb5 0-1